<?xml version="1.0" encoding="UTF-8"?>
<record
    xmlns:xsi="http://www.w3.org/2001/XMLSchema-instance"
    xsi:schemaLocation="http://www.loc.gov/MARC21/slim http://www.loc.gov/standards/marcxml/schema/MARC21slim.xsd"
    xmlns="http://www.loc.gov/MARC21/slim">

  <leader>00700nam a22001937a 4500</leader>
  <controlfield tag="003">NUST-PNEC</controlfield>
  <controlfield tag="005">20170116180711.0</controlfield>
  <controlfield tag="008">141011b        xxu||||| |||| 00| 0 eng d</controlfield>
  <datafield tag="020" ind1=" " ind2=" ">
    <subfield code="a"> 0074517589</subfield>
  </datafield>
  <datafield tag="040" ind1=" " ind2=" ">
    <subfield code="c">PNEC</subfield>
  </datafield>
  <datafield tag="082" ind1=" " ind2=" ">
    <subfield code="a">621.815 MAI</subfield>
  </datafield>
  <datafield tag="100" ind1=" " ind2=" ">
    <subfield code="9">547</subfield>
    <subfield code="a">Maitra, Gitin M</subfield>
  </datafield>
  <datafield tag="245" ind1=" " ind2=" ">
    <subfield code="a">Handbook of mechanical design</subfield>
    <subfield code="c">Gitin M Maitra</subfield>
  </datafield>
  <datafield tag="260" ind1=" " ind2=" ">
    <subfield code="a">New Delhi ; [London] :  </subfield>
    <subfield code="b">Tata McGraw-Hill,</subfield>
    <subfield code="c">c1985.</subfield>
  </datafield>
  <datafield tag="300" ind1=" " ind2=" ">
    <subfield code="a">xiii, 666 pages : </subfield>
    <subfield code="b">ill. ; </subfield>
    <subfield code="c">25 cm</subfield>
  </datafield>
  <datafield tag="500" ind1=" " ind2=" ">
    <subfield code="a">Includes Index http://www.amazon.com/Handbook-Mechanical-Design-G-M-Maitra/dp/0074517589/ref=sr_1_1?s=books&amp;ie=UTF8&amp;qid=1413015175&amp;sr=1-1&amp;keywords=HANDBOOK+OF+MECHANICAL+DESIGN+BY+G+M+MAITRA</subfield>
  </datafield>
  <datafield tag="650" ind1=" " ind2=" ">
    <subfield code="x">ME</subfield>
  </datafield>
  <datafield tag="942" ind1=" " ind2=" ">
    <subfield code="2">ddc</subfield>
    <subfield code="c">BK</subfield>
  </datafield>
  <datafield tag="999" ind1=" " ind2=" ">
    <subfield code="c">60971</subfield>
    <subfield code="d">60971</subfield>
  </datafield>
  <datafield tag="952" ind1=" " ind2=" ">
    <subfield code="0">0</subfield>
    <subfield code="1">0</subfield>
    <subfield code="2">ddc</subfield>
    <subfield code="4">0</subfield>
    <subfield code="7">0</subfield>
    <subfield code="a">PNEC</subfield>
    <subfield code="b">PNEC</subfield>
    <subfield code="c">REF</subfield>
    <subfield code="d">1986-08-25</subfield>
    <subfield code="e">Habib &amp; Sons</subfield>
    <subfield code="g">680.40</subfield>
    <subfield code="l">0</subfield>
    <subfield code="o">621.815 MAI</subfield>
    <subfield code="p">PNECLIB-010310</subfield>
    <subfield code="r">2014-10-11</subfield>
    <subfield code="v">680.40</subfield>
    <subfield code="w">1986-08-25</subfield>
    <subfield code="y">BK</subfield>
  </datafield>
</record>
